000 00454nam a2200181Ia 4500
001 14832
005 20260306164943.0
008 260306t2002||||xx |||||||||||||| ||spa||
041 _aESP
082 _a519.5
_bA39
100 _aAlea, Victoria
_eAUT
245 0 _aEstadĂ­stica para las ciencias sociales:
_bcuestiones tipo test
260 _c2002
300 _a212 páginas :
_c29 cm.
650 _aGEN
654 _aCMA
942 _cLIB
_dJUS
_fJUS
_2ddc
_n
999 _c14832
_d14832